00501nam a22001697a 450000500170000001000150001702000260003203500140005803700090007208200120008110000240009324500620011725000060017926000360018527000910022130000190031220250724145739.0 aENG-146125 a9789348685391c350.00 aEN-129657 bDBAD a808.883 aPais, Joseph Dolphy aLead me to God in the Mystical Steps/cJoseph Dolphy Pais a1 aBengalurubATC Publishersc2025 a9/12-1, 1st Floor, Lloyd's Road Cooke TownbBengalurue560005madmin@atcpublishers.com a243pc21cm(pb)